LDR 01117naa#a2200181#i#450# 001 RU\\bibl\122953 005 20260513062328.3 011 ## _a2409-1073 100 ## _a20231220b2023####ek#y0rusy0150####ca 102 ## _aRU 200 1# _aДиагностика мезоэкономических систем в России в условиях перехода к Индустрии 5.0 _eЖурнальная статья 210 1# _aМосква _cФедеральное государственное автономное образовательное учреждение высшего образования Национальный исследовательский университет "Московский институт электронной техники" _d2023 215 ## _a0 с. 608 ## _aЖурнальная статья _2local 675 ## _aРегиональная экономика. Территориальная экономика. 332.1 _z 700 #1 _aГалимулина _gФарида Фидаиловна 700 #1 _aШинкевич _gМарина Владимировна 856 4# _aesgi-journal.ru _u